Estadísticas para Soda stereo discografia

Haz click aquí para intentar la prueba.

Estadísticas generales

  • Esta prueba ha sido intentada 42 veces
  • La puntuación promedio es 30 de 77

Estadísticas de respuestas

HintRespuesta% Correcto
nada personalNada personal
88%
signosSignos
88%
cancion animalCanción animal
76%
cancion animalDe música ligera
76%
doble vidaEn la ciudad de la furia
72%
cancion animalTé para tres
72%
soda stereoTrátame suavemente
72%
nada personalCuando pase el temblor
68%
cancion animalEntre caníbales
68%
signosPersiana americana
68%
signosEl rito
60%
cancion animal(En) El séptimo día
60%
signosPrófugos
60%
doble vidaDía común/ Doble vida
56%
sueño stereoElla uso mi cabeza como un revolver
56%
dynamoLuna roja
56%
soda stereoMi novia tiene bíceps
56%
dynamoFue
52%
doble vidaCorazón delator
48%
soda stereoSobredosis de TV
48%
soda stereoUn misil en mi placard
48%
sueño stereoZoom
48%
cancion animal1990
44%
cancion animalHombre al agua
44%
soda stereoTele-ka
44%
cancion animalUn millón de años luz
44%
cancion animalCae el sol
40%
soda stereoDietético
40%
sueño stereoDisco eterno
40%
nada personalEstoy azulado
40%
mtv unpluggedGénesis
40%
dynamoPrimavera 0
40%
nada personalDanza rota
36%
nada personalJuego de seducción
36%
signosNo existes
36%
sueño stereoPaseando por Roma
36%
sueño stereoPasos
36%
doble vidaPicnic en el 4º B
36%
cancion animalSueles dejarme solo
36%
sueño stereoÁngel eléctrico
32%
dynamoCamaleón
32%
dynamoClaroscuro
32%
sueño stereoCrema de estrellas
32%
doble vidaEn el borde
32%
dynamoEn remolinos
32%
signosFinal caja negra
32%
doble vidaLo que sangra (La cúpula)
32%
soda stereo¿Por qué no puedo ser del jet set?
32%
dynamoTexturas
32%
nada personalEcos
28%
nada personalImágenes retro
28%
languisMundo de quimeras
28%
sueño stereoPlanta
28%
dynamoSweet sahumerio
28%
doble vidaTerapia de amor intensiva
28%
soda stereoAfrodisiacos
24%
nada personalEl cuerpo del delito
24%
sueño stereoMoire
24%
dynamoNuestra fe
24%
nada personalObservándonos (satélites)
24%
sueño stereoOjo de la tormenta
24%
mtv unpluggedPlaneador
24%
dynamoSecuencia inicial
24%
nada personalSi no fuera por
24%
signosSin sobresaltos
24%
dynamoToma la ruta
24%
dynamoAmeba
20%
sueño stereoEfecto doppler
20%
doble vidaEl ritmo de tus ojos
20%
mtv unpluggedSonoman
20%
mtv unpluggedCoral
16%
soda stereoEl tiempo es dinero
16%
signosEn camino
16%
soda stereoNi un segundo
16%
sueño stereoX-playo
16%
doble vidaLos languis
12%
soda stereoTe hacen faltan vitaminas
4%

Distribución de puntuación

Porcentaje por número respondido

Porcentaje de gente con cada puntuación

Historial de tus puntuaciones

No has intentado esta prueba.